00214nam a2200097Ia 4500100002100000650001600021245002200037260002900059082001600088546001200104 aGAIKWAD/ BORKUE  aMathematics aBasic mathematics bS.ChandaNew Delhic2013 a510/GAI/BOR aENGLISH